00865nam a22002177a 4500999001700000003000900017008004100026040007100067082002400138100002800162245014300190260003600333300006100369505002300430650001700453650001800470650001900488942001600507945002100523952010300544 c13101d13101AR-CdUCM190411b ||||| |||| 00| 0 spa d aMUNICIPALIDAD PROVINCIAL DEL CUSCOcBIBLIOTECA MUNICIPAL DEL CUSCO aES / 373.803 /bM86 aMorán Bobadilla, Hugo aBitácora de un morboso y otros cuentos perversos :bUna historia puede ser la antorcha que ilumine la noche más oscura de tu vida... / aCusco :bGustavo Impresores,cn a172 paginas ;bIlustraciones, Graficos, Dibujos,c20 cm. aContenido: Cuentos aCuentos9217 aHistoria9136 aLiteratura983 2ddccLIBROS apjhad2019-04-11 002ddc4070aSIbSIcCHILDd2019-04-11g25.00oES / 373.803 / M86pSI00001755r2019-04-11yLIBROS